000 00639nam a2200277Ia 4500
005 20260324141602.0
008 008 260324s9999 xx 000 0 eng d
020 _a9780429498091
037 _aEBOOK
040 _aCRL
040 _beng
040 _cCRL
041 _2eng
041 _aeng
084 _qCRL
100 _aMark Lupher
_91208741
245 0 _aPower Restructuring In China And Russia
260 _bTaylor and Francis
260 _c1996
365 _a
365 _b145
856 _uhttp://www.taylorfrancis.com/books/9780429498091
942 _cEBOOK
999 _c1811998
_d1811998